[Event "Dallas CC GP8 Amateur"]
[Site "Dallas"]
[Date "2002.01.20"]
[Round "5.8"]
[White "Evans, Shira L"]
[Black "Appelbaum, Todd"]
[Result "0-1"]
[WhiteElo "1596"]
[BlackElo "1728"]
[PlyCount "104"]
[EventDate "2002.01.19"]
[EventType "swiss"]
[EventRounds "5"]
[EventCountry "USA"]
[SourceTitle "EXT 2003"]
[Source "ChessBase"]
[SourceDate "2002.11.25"]
[SourceVersion "1"]
[SourceVersionDate "2002.11.25"]
[SourceQuality "1"]

1. c4 Nf6 2. g3 e5 3. Bg2 d6 4. Nc3 Be7 5. e4 h6 6. Nge2 Bg4 7. h3 Bh5 8. d3 Nbd7 9. 0-0 0-0 10. f4 Rb8 11. g4 Bg6 12. f5 Bh7 13. Ng3 c6 14. Be3 Ra8 15. Qd2 Ne8 16. Kh2 Nc7 17. Qf2 Na6 18. a3 Bh4 19. Qd2 Nac5 20. Qc2 Na6 21. b4 Nc7 22. Nce2 b6 23. Ng1 c5 24. Nf3 Bxg3+ 25. Kxg3 f6 26. h4 Kf7 27. g5 hxg5 28. hxg5 g6 29. Rh1 Rh8 30. fxg6+ Bxg6 31. gxf6 Nxf6 32. Bg5 Ne6 33. Qf2 Rg8 34. Raf1 Bxe4 35. Nxe5+ dxe5 36. Qxf6+ Qxf6 37. Rxf6+ Ke7 38. Rg6+ Nxg5 39. Rxg8 Rxg8 40. dxe4 Nxe4+ 41. Kh2 Rh8+ 42. Kg1 Rxh1+ 43. Bxh1 Nd6 44. Bd5 Kf6 45. Kf2 Kf5 46. Ke3 e4 47. Bg8 Ke5 48. Bd5 Nf5+ 49. Kd2 Kd4 50. bxc5 bxc5 51. a4 Ne3 52. Bxe4 Kxe4 0-1

[Event "Dallas CC GP8 Amateur"]
[Site "Dallas"]
[Date "2002.01.19"]
[Round "1.13"]
[White "Haley, Connor"]
[Black "Evans, Shira L"]
[Result "1-0"]
[WhiteElo "1357"]
[BlackElo "1596"]
[PlyCount "89"]
[EventDate "2002.01.19"]
[EventType "swiss"]
[EventRounds "5"]
[EventCountry "USA"]
[SourceTitle "EXT 2003"]
[Source "ChessBase"]
[SourceDate "2002.11.25"]
[SourceVersion "1"]
[SourceVersionDate "2002.11.25"]
[SourceQuality "1"]

1. e4 d6 2. d4 Nf6 3. Bd3 e5 4. d5 Be7 5. Ne2 0-0 6. h3 Kh8 7. 0-0 Ng8 8. Ng3 Bh4 9. Qf3 Ne7 10. Be3 Bxg3 11. fxg3 b6 12. Bg5 Na6 13. Qh5 f6 14. Be3 Nc5 15. Bxc5 bxc5 16. b3 Bd7 17. Qe2 f5 18. exf5 Nxf5 19. Qe4 Qg5 20. g4 Qe3+ 21. Qxe3 Nxe3 22. Rxf8+ Rxf8 23. c4 c6 24. Nc3 cxd5 25. cxd5 Rf4 26. Re1 Nxd5 27. Nxd5 Rd4 28. Bc4 Bc6 29. Ne7 Be4 30. Nf5 Bxf5 31. gxf5 e4 32. Kf2 d5 33. Be2 Rd2 34. Rd1 Rxd1 35. Bxd1 d4 36. Bc2 e3+ 37. Kf3 Kg8 38. Bd3 Kf7 39. Ke4 Kf6 40. g4 Kg5 41. Kd5 Kf4 42. Kxc5 Kf3 43. Kxd4 e2 44. Bxe2+ Kxe2 45. g5 1-0